| 000 | 004290000a22001810004500 | ||
|---|---|---|---|
| 003 | MACL | ||
| 005 | 20150901134439.0 | ||
| 008 | 150901b xxu||||| |||| 00| 0 eng d | ||
| 040 |
_aMACL _cMACL |
||
| 041 | _aEnglish | ||
| 082 | _a800 | ||
| 100 |
_aGandhi M K _98264 |
||
| 245 | _aService Before Life | ||
| 260 |
_bBharatiya Vidhya Bhavan _c1971 _aNew Delhi |
||
| 350 | _a2 | ||
| 650 |
_aLiterature _98265 |
||
| 942 |
_cBK _k800 _2ddc |
||
| 999 |
_c5758 _d5758 |
||